000 00883nam a22002177a 4500
999 _c9330
_d9330
003 AR-CdUCM
008 190327b ||||| |||| 00| 0 spa d
040 _aMUNICIPALIDAD PROVINCIAL DEL CUSCO
_cBIBLIOTECA MUNICIPAL DEL CUSCO
082 _a891.74 /
_bM41G / 1943
100 _aGuerrero, Lila
_925450
245 _aAntología de Maiacovski :
_bsu vida y obra /
260 _aBuenos Aires :
_bClaridad,
_c1942.
300 _a432 páginas ;
_c20.5 cm.
_bfotografías ;
440 _aBiblioteca de obras famosas
_n, volumen 89
_925451
505 _aContenido: Vida y obra de Vladimiro Maiacovski -- El mismo o elementos de su biografía -- Gorki y Maiacovski -- Maiacovski y el futuro -- Su poética ...
650 _aLiteratura rusa
_99988
650 _aLiteratos rusos - Biografías
_925452
650 _aPoesía Rusa - Siglo XX
_925453
942 _2ddc
_cLIBROS
945 _alccs